| 000 -LEADER |
| fixed length control field |
00561nam a2200193 a 4500 |
| 008 - FIXED-LENGTH DATA ELEMENTS--GENERAL INFORMATION |
| fixed length control field |
200103t2006 xxk||||g |||| 00| 0 eng d |
| 020 ## - INTERNATIONAL STANDARD BOOK NUMBER |
| International Standard Book Number |
9780763734084 |
| Terms of availability |
$. 49.95 |
| 040 ## - CATALOGING SOURCE |
| Original cataloging agency |
IMU Kochi Library |
| Language of cataloging |
eng |
| 041 0# - LANGUAGE CODE |
| Language code of text/sound track or separate title |
eng |
| 082 04 - DEWEY DECIMAL CLASSIFICATION NUMBER |
| Edition number |
23 |
| Classification number |
628.925 |
| Item number |
B1711 |
| 100 1# - MAIN ENTRY--PERSONAL NAME |
| Personal name |
Baker, Charles J. |
| 245 10 - TITLE STATEMENT |
| Title |
Fire Fighter's Handbook of Hazardous Materials / |
| 250 ## - EDITION STATEMENT |
| Edition statement |
7th ed. |
| 260 ## - PUBLICATION, DISTRIBUTION, ETC. (IMPRINT) |
| Place of publication, distribution, etc |
London : |
| Name of publisher, distributor, etc |
Jones and Bartlett Publishers, |
| Date of publication, distribution, etc |
2006. |
| 300 ## - PHYSICAL DESCRIPTION |
| Extent |
x , 494 p. : |
| Dimensions |
23 cm |
| 650 #0 - SUBJECT ADDED ENTRY--TOPICAL TERM |
| Topical term or geographic name as entry element |
Fire extinction |
| Form subdivision |
Handbooks, manuals, etc |
| 852 ## - LOCATION/CALL NUMBER |
| Location |
IMU Kochi Library |
| 942 ## - ADDED ENTRY ELEMENTS (KOHA) |
| Item type |
Books |